| 000 | 00748nam a2200169 a 4500 | ||
|---|---|---|---|
| 008 | 120416s1974 ||||||||||||||||| || u | ||
| 050 | _aHC 865 Ken | ||
| 245 | 1 | 0 |
_aDevelopment plan 1974-1978 _cOffice of the President |
| 246 | _apart II | ||
| 260 |
_aNairobi _bZambia. Government Printers _c1974 |
||
| 300 | _aiii, 198p. : ill | ||
| 350 | _a0.00 | ||
| 650 | _aECONOMIC DEVELOPMENT PLAN--KENYA--1974-1978 | ||
| 650 | 0 | _aECONOMICS | |
| 995 |
_aANNEX COLLECTION (Main Library) _D0.00 _e722786 _FCBU-MAIN LIBRARY (Kitwe) _H2 _I40.00 _jHC 865 Ken _M2 _UAVAILABLE _y002982 _ZAnnex Low-Usage Collection |
||
| 995 |
_aANNEX COLLECTION (Main Library) _D0.00 _e722785 _FCBU-MAIN LIBRARY (Kitwe) _H1 _I40.00 _jHC 865 Ken _M1 _UAVAILABLE _y002984 _ZAnnex Low-Usage Collection |
||
| 999 |
_c63506 _d63506 |
||